000
00301nam a22001217a 4500
082
_a
954.91
100
_a
Pakistan. Directorate of Films & Publications
245
_a
Facts about Pakistan
260
_a
Islamabad :
_b
Barqson,
_c
1983.
300
_a
260 p. ;
_b
24 cm.
500
_a
Paperback.
942
_c
BK
999
_c
34146
_d
34146